Tozeur, chroniques d'une villes des sables (notice n° 9160)
[ vue normale ]
| 000 -Label | |
|---|---|
| leader | 01283nam a2200265 4500 |
| 010 ## - ISBN | |
| ISBN | 978-9938-79-671-1 |
| 099 ## - Informations locales | |
| Type de document | Livre |
| 100 ## - Données générales de traitement | |
| a | 20251023d u||y0frey5050 ba |
| 101 ## - Langue | |
| langue document | français |
| 102 ## - Pays d'édition ou de production | |
| pays d'édition | Tunisie |
| 200 ## - Titre | |
| titre propre | Tozeur, chroniques d'une villes des sables |
| type de document | Livre |
| auteur | Alya Hamza |
| auteur secondaire | Feryel Lakhdhar |
| -- | Olivier Poivre d'Arvor |
| 210 ## - Editeur | |
| lieu de publication | Tunis |
| nom de l'éditeur | Simpact |
| date de publication | Janvier 2025 |
| 215 ## - Description | |
| Importance matérielle | 112 p. |
| autres carac. | Couv. Ill. Coul. |
| format | 15 x 21 |
| 330 ## - Résumé | |
| Résumé | "Beaucoup d’histoires croustillantes du fond des traditions « Tozeuriennes ». Des histoires racontées avec beaucoup de poésie, mais cette fois Alya Hamza a mêlé à sa poésie beaucoup de maturité, beaucoup de narration pleine de tendresse et d’humour aussi. Ce qui nous donne au final un ensemble de chroniques qui se dévorent comme un roman…" Par Salem Trabelsi Publié dans le journal La Presse le 21 février 2025 |
| 606 ## - sujets | |
| sujet | Patrimoine |
| subdiv. sujet | Folklore |
| koha internal code | 24484 |
| 607 ## - sujets | |
| sujet | Tozeur |
| subdiv. sujet | Vie Quotidienne |
| subdiv. géo. | Tunisie |
| koha internal code | 24485 |
| 607 ## - sujets | |
| sujet | Atlas |
| subdiv. sujet | Tozeur |
| subdiv. géo. | Sahara |
| koha internal code | 24486 |
| 607 ## - sujets | |
| sujet | Tozeur |
| subdiv. sujet | Oasis |
| subdiv. géo. | Jérid |
| koha internal code | 24487 |
| 700 ## - Auteur | |
| code de fonction | Auteur |
| auteur | Hamza |
| prénom | Alya |
| koha internal code | 24488 |
| 701 ## - coauteur | |
| code de fonction | Illustrateur |
| nom | Lakhdhar |
| prénom | Feryel |
| koha internal code | 24489 |
| 701 ## - coauteur | |
| code de fonction | Préfacier, auteur d'introduction |
| nom | Poivre d'Arvor |
| prénom | Olivier |
| koha internal code | 24490 |
| 801 ## - source de catalogage | |
| pays | TN |
| agence de catalogage | 32BIS |
| date de la transaction | 20251023 |
| règles de catalogage utilisées | UNIMARC |
| 830 ## - note | |
| catalogeur | ABA |
| Propriétaire | Dépositaire | Localisation | Code barre | Numéro Inventaire | Cote | Note | Statut |
|---|---|---|---|---|---|---|---|
| The 32bis Library | The 32bis Library | Salle de lecture 32BIS | 006908 | 6827 | 848 HAM | Dépôt MAB | Consultable sur place |